Alianza y contrato: política, ética y religión

Збережено в:
Бібліографічні деталі
Автор: Cortina Orts, Adela (Автор)
Формат: Книга
Мова:Іспанська
Опубліковано: Madrid Trotta 2001
Серія:Colección Estructuras y Procesos. Serie Ciencias Sociales
Предмети:
Теги: Додати тег
Немає тегів, Будьте першим, хто поставить тег для цього запису!

MARC

LEADER 00000cam a2200000 a 4500
001 UCM1730
003 CL-VaPUC
005 20231110101515.0
008 020412e20010000SP |||||||||||||||||spa|d
999 |c 299976  |d 299974 
020 |a 8481644854 
040 |c Pontificia Universidad Católica de Valparaíso 
082 0 4 |a 301 COR 2001  |2 21 
100 0 |a Cortina Orts, Adela  |e author  |9 468548 
245 1 0 |a Alianza y contrato: política, ética y religión 
260 |a Madrid  |b Trotta  |c 2001 
300 |a 182 p 
490 0 |a Colección Estructuras y Procesos. Serie Ciencias Sociales 
583 |a last modification  |c 20150911 11:18:22  |k Rodrigo Vera 
650 0 |a Seres humanos  |9 313276 
650 0 |a Política  |9 255312 
650 0 |a Ética  |9 255099 
650 0 |a Religión   |9 255164 
650 0 |a Cristianismo  |9 257361 
942 |c BK  |2 ddc 
945 |d 20020412 00:00:00  |a vberengu 
952 |0 0  |1 0  |4 0  |6 301_000000000000000_COR_2001  |7 0  |8 A  |9 357186  |a BIBDER  |b BIBDER  |d 2019-11-21  |i 3808874  |o 301 COR 2001  |p 3808874  |r 2019-11-21  |w 2019-11-21  |y BK  |k DER 
952 |0 0  |1 0  |4 0  |6 301_000000000000000_COR_2001  |7 0  |8 A  |9 357188  |a BIBDER  |b BIBDER  |d 2019-11-21  |i 4134834  |o 301 COR 2001  |p 4134834  |r 2023-01-25  |w 2019-11-21  |y BK  |k DER 
952 |0 0  |1 0  |4 0  |6 301_000000000000000_COR_2001  |7 0  |8 A  |9 357189  |a BIBEDU  |b BIBEDU  |d 2019-11-21  |i 4125339  |o 301 COR 2001  |p 4125339  |r 2019-11-21  |w 2019-11-21  |y BK  |k EDU 
952 |0 0  |1 0  |4 0  |6 301_000000000000000_COR_2001  |7 0  |8 A  |9 357190  |a BIBEDU  |b BIBEDU  |d 2019-11-21  |i 4125347  |o 301 COR 2001  |p 4125347  |r 2019-11-21  |w 2019-11-21  |y BK  |k EDU 
952 |0 0  |1 0  |4 0  |6 301_000000000000000_COR_2001  |7 0  |8 A  |9 357191  |a BIBEDU  |b BIBEDU  |d 2019-11-21  |i 4125355  |o 301 COR 2001  |p 4125355  |r 2019-11-21  |w 2019-11-21  |y BK  |k EDU 
952 |0 0  |1 0  |4 0  |6 301_000000000000000_COR_2001  |7 0  |8 A  |9 357192  |a BIBEDU  |b BIBEDU  |d 2019-11-21  |i 4125363  |o 301 COR 2001  |p 4125363  |r 2019-11-21  |w 2019-11-21  |y BK  |k EDU 
952 |0 0  |1 0  |4 0  |6 301_000000000000000_COR_2001  |7 0  |8 A  |9 357193  |a BIBEDU  |b BIBEDU  |d 2019-11-21  |i 4125371  |o 301 COR 2001  |p 4125371  |r 2019-11-21  |w 2019-11-21  |y BK  |k EDU 
952 |0 0  |1 0  |4 0  |6 301_000000000000000_COR_2001  |7 0  |8 A  |9 357194  |a BIBEDU  |b BIBEDU  |d 2019-11-21  |i 412538K  |o 301 COR 2001  |p 412538K  |r 2019-11-21  |w 2019-11-21  |y BK  |k EDU 
952 |0 0  |1 0  |4 0  |6 301_000000000000000_COR_2001  |7 0  |8 A  |9 357195  |a BIBEDU  |b BIBEDU  |d 2019-11-21  |i 4125398  |o 301 COR 2001  |p 4125398  |r 2019-11-21  |w 2019-11-21  |y BK  |k EDU 
952 |0 0  |1 0  |4 0  |6 301_000000000000000_COR_2001  |7 0  |8 A  |9 357196  |a BIBEDU  |b BIBEDU  |d 2019-11-21  |i 4125401  |o 301 COR 2001  |p 4125401  |r 2019-11-21  |w 2019-11-21  |y BK  |k EDU 
952 |0 0  |1 0  |4 0  |6 301_000000000000000_COR_2001  |7 0  |8 A  |9 357197  |a BIBEDU  |b BIBEDU  |d 2019-11-21  |i 4125428  |o 301 COR 2001  |p 4125428  |r 2019-11-21  |w 2019-11-21  |y BK  |k EDU 
952 |0 0  |1 0  |4 0  |6 301_000000000000000_COR_2001  |7 0  |8 A  |9 357198  |a BIBEDU  |b BIBEDU  |d 2019-11-21  |i 3919803  |o 301 COR 2001  |p 3919803  |r 2019-11-21  |w 2019-11-21  |y BK  |k FIL 
952 |0 0  |1 0  |4 0  |6 301_000000000000000_COR_2001  |7 0  |8 A  |9 357199  |a FDOPOS  |b FDOPOS  |d 2019-11-21  |i 4125622  |o 301 COR 2001  |p 4125622  |r 2025-01-22  |w 2019-11-21  |y BK  |k MLA 
952 |0 0  |1 0  |4 0  |6 301_000000000000000_COR_2001  |7 0  |8 A  |9 357200  |a FDOPOS  |b FDOPOS  |d 2019-11-21  |i 4312759  |o 301 COR 2001  |p 4312759  |r 2025-01-22  |w 2019-11-21  |y BK  |k MLA 
952 |0 0  |1 0  |4 0  |6 301_000000000000000_COR_2001  |7 0  |8 A  |9 357202  |a BIBCUR  |b BIBCUR  |d 2019-11-21  |i 4125444  |o 301 COR 2001  |p 4125444  |r 2025-04-22  |w 2019-11-21  |y BK  |k BCB 
952 |0 0  |1 0  |4 0  |6 301_000000000000000_COR_2001  |7 0  |8 A  |9 357203  |a BIBCUR  |b BIBCUR  |d 2019-11-21  |i 4125452  |l 1  |o 301 COR 2001  |p 4125452  |r 2025-04-22  |s 2023-09-25  |w 2019-11-21  |y BK  |k BCB 
952 |0 0  |1 0  |4 0  |6 301_000000000000000_COR_2001  |7 0  |8 A  |9 357204  |a BIBCUR  |b BIBCUR  |d 2019-11-21  |i 4125460  |l 1  |o 301 COR 2001  |p 4125460  |r 2025-04-22  |s 2023-09-21  |w 2019-11-21  |y BK  |k BCB 
952 |0 0  |1 0  |2 ddc  |4 0  |6 301_000000000000000_COR_2001  |7 0  |8 A  |9 357206  |a BIBCUR  |b BIBCUR  |d 2019-11-21  |i 4125487  |o 301 COR 2001  |p 4125487  |r 2025-04-22  |w 2019-11-21  |y BK  |k BCB 
952 |0 0  |1 0  |4 0  |6 301_000000000000000_COR_2001  |7 0  |8 A  |9 357209  |a BIBCUR  |b BIBCUR  |d 2019-11-21  |i 4125517  |o 301 COR 2001  |p 4125517  |r 2025-04-22  |w 2019-11-21  |y BK  |k BCB 
952 |0 0  |1 0  |4 0  |6 301_000000000000000_COR_2001  |7 0  |8 A  |9 357211  |a BIBGIM  |b BIBGIM  |d 2019-11-21  |i 4125533  |o 301 COR 2001  |p 4125533  |r 2025-01-15  |w 2019-11-21  |y BK  |k GIM 
952 |0 0  |1 0  |4 0  |6 301_000000000000000_COR_2001  |7 0  |8 A  |9 357212  |a BIBGIM  |b BIBGIM  |d 2019-11-21  |i 4125541  |o 301 COR 2001  |p 4125541  |r 2025-01-15  |w 2019-11-21  |y BK  |k GIM 
952 |0 0  |1 0  |4 0  |6 301_000000000000000_COR_2001  |7 0  |8 A  |9 357213  |a BIBING  |b BIBING  |d 2019-11-21  |i 412555K  |o 301 COR 2001  |p 412555K  |r 2025-01-20  |w 2019-11-21  |y BK  |k ING 
952 |0 0  |1 0  |4 0  |6 301_000000000000000_COR_2001  |7 0  |8 A  |9 357214  |a BIBING  |b BIBING  |d 2019-11-21  |i 4125568  |o 301 COR 2001  |p 4125568  |r 2025-01-20  |w 2019-11-21  |y BK  |k ING 
952 |0 0  |1 0  |2 ddc  |4 0  |6 301_000000000000000_COR_2001  |7 0  |8 A  |9 357215  |a BIBALI  |b BIBALI  |c GEN  |d 2019-11-21  |i 4125576  |o 301 COR 2001  |p 4125576  |r 2025-01-20  |w 2019-11-21  |y BK  |k ALI 
952 |0 0  |1 0  |2 ddc  |4 0  |6 301_000000000000000_COR_2001  |7 0  |8 A  |9 357216  |a BIBALI  |b BIBALI  |c GEN  |d 2019-11-21  |i 4125584  |o 301 COR 2001  |p 4125584  |r 2025-01-20  |w 2019-11-21  |y BK  |k ALI 
952 |0 0  |1 0  |4 0  |6 301_000000000000000_COR_2001  |7 0  |8 A  |9 357217  |a BIBHIS  |b BIBHIS  |d 2019-11-21  |i 4125592  |o 301 COR 2001  |p 4125592  |r 2025-01-20  |w 2019-11-21  |y BK  |k HIS 
952 |0 0  |1 0  |4 0  |6 301_000000000000000_COR_2001  |7 0  |8 A  |9 357218  |a BIBART  |b BIBART  |d 2019-11-21  |i 4125606  |o 301 COR 2001  |p 4125606  |r 2025-03-13  |w 2019-11-21  |y BK  |k ART 
952 |0 0  |1 0  |4 0  |6 301_000000000000000_COR_2001  |7 0  |8 A  |9 357219  |a BIBARQ  |b BIBARQ  |d 2019-11-21  |i 4125614  |o 301 COR 2001  |p 4125614  |r 2025-01-20  |w 2019-11-21  |y BK  |k ARQ 
952 |0 0  |1 0  |4 0  |6 301_000000000000000_COR_2001  |7 0  |8 A  |9 357220  |a BIBMAT  |b BIBMAT  |c E_DIDACT  |d 2019-11-21  |i 4125630  |o 301 COR 2001  |p 4125630  |r 2025-01-07  |w 2019-11-21  |y BK  |k MAT 
952 |0 0  |1 0  |2 ddc  |4 0  |6 301_000000000000000_COR_2001  |7 0  |8 A  |9 357221  |a BIBEDU  |b BIBEDU  |d 2019-11-21  |i 4125649  |o 301 COR 2001  |p 4125649  |r 2023-01-12  |w 2019-11-21  |y BK  |k MUS 
952 |0 0  |1 0  |4 0  |6 301_000000000000000_COR_2001  |7 0  |8 A  |9 357222  |a BIBAGR  |b BIBAGR  |d 2019-11-21  |i 4125665  |o 301 COR 2001  |p 4125665  |r 2025-01-20  |w 2019-11-21  |y BK  |k AGR 
952 |0 0  |1 0  |2 ddc  |4 0  |6 301_000000000000000_COR_2001  |7 0  |8 A  |9 357223  |a BIBCUR  |b BIBCUR  |d 2019-11-21  |i 4125673  |o 301 COR 2001  |p 4125673  |r 2025-04-22  |w 2019-11-21  |y BK  |k PER 
952 |0 0  |1 0  |4 0  |6 301_000000000000000_COR_2001  |7 0  |8 A  |9 357224  |a BIBMEC  |b BIBMEC  |d 2019-11-21  |i 4125681  |o 301 COR 2001  |p 4125681  |r 2024-01-19  |w 2019-11-21  |y BK  |k MEC 
952 |0 0  |1 0  |4 0  |6 301_000000000000000_COR_2001  |7 0  |8 X  |9 357225  |a FDOBUD  |b FDOBUD  |d 2019-11-21  |i 4546180  |o 301 COR 2001  |p 4546180  |r 2019-11-21  |w 2019-11-21  |y BK_X  |k FHP 
952 |0 0  |1 0  |4 0  |6 301_000000000000000_COR_2001  |7 0  |8 A  |9 357226  |a BIBTEO  |b BIBTEO  |d 2019-11-21  |i 3817849  |o 301 COR 2001  |p 3817849  |r 2025-01-17  |w 2019-11-21  |y BK  |k ICR 
952 |0 0  |1 0  |3 erb  |4 0  |6 301_000000000000000_COR_2001  |7 0  |8 A  |9 357227  |a BIBEDU  |b BIBEDU  |i 5197678  |l 3  |o 301 COR 2001  |p 5197678  |r 2023-08-23  |s 2023-05-15  |w 2019-11-21  |y BK  |z Catalogado en:20150911  |k FIL 
952 |0 0  |1 0  |3 erb  |4 0  |6 301_000000000000000_COR_2001  |7 0  |8 A  |9 357228  |a BIBTEO  |b BIBTEO  |i 5381754  |l 1  |m 1  |o 301 COR 2001  |p 5381754  |r 2025-03-17  |s 2025-03-17  |w 2019-11-21  |y BK  |z Catalogado en:20170317  |k ICR